Score 0/16 Timer 02:30
0 Plays Today
Hint Answer % Correct
Lacking in hairBALD
98.6%
An object used in many sportsBALL
98.5%
Hammer or saw, e.g.TOOL
98.3%
The end of an armHAND
98.2%
A musical groupBAND
98%
Home for chickensCOOP
97.9%
At a fairly low temperatureCOOL
97.9%
Payment for using a roadTOLL
97.9%
Hint Answer % Correct
⋆ With [rung 16], a signal for the end of class ⋆⋆ BELL ⋆
97.7%
Suspend from aboveHANG
97%
Cut something into piecesCHOP
95.9%
Called by telephoneRANG
95.7%
⋆ With [rung 1], a speech about a brought object ⋆⋆ TELL ⋆
93.5%
To eat, slangilyCHOW
91.5%
⋆ With [rung 9], a signal for the end of class ⋆⋆ RING ⋆
91.1%
⋆ With [rung 8], a speech about a brought object ⋆⋆ SHOW ⋆
89.8%

Today's Daily Dose

Missing Word
TV NA - NZ

Word Ladder
Neck and Neck

Quick Pick
'Q' Places

You're not logged in!

Compare scores with friends on all Sporcle quizzes.
OR
Log In

Sporcle TV

Today on Sporcle TV


Watch our educational content, quiz creation guides, and fun videos on Sporcle TV.

Show Comments

Extras

Top Quizzes Today


Score Distribution

Paid Content

Your Account Isn't Verified!

In order to create a playlist on Sporcle, you need to verify the email address you used during registration. Go to your Sporcle Settings to finish the process.

Report this User

Report this user for behavior that violates our Community Guidelines.

Details: